000
00324 a2200157 4500
001
195452
020
_a
9788574124889
040
_c
Magnum
100
_a
Schubert, Ingrid
240
1
0
_a
O guarda-chuva
_l
por
245
1
0
_a
O guarda-chuva
300
_a
36
362
0
_a
2014
697
_a
LITERATURA INFANTIL
942
_c
BK
999
_c
195452
_d
195452